[Event "FICGS W-ch st1 g15 email"]
[Site "FICGS email"]
[Date "2007.01.16"]
[Round "1"]
[White "Forlot, Dominique"]
[Black "Ghisi, Stefano"]
[Result "0-1"]
[WhiteElo "1437"]
[BlackElo "1794"]
[PlyCount "24"]
[EventDate "2007.??.??"]
[EventType "tourn (corr)"]
[EventRounds "8"]
[SourceTitle "Corr 2022"]
[Source "ChessBase"]
[SourceDate "2021.10.24"]
[SourceVersion "1"]
[SourceVersionDate "2021.10.24"]
[SourceQuality "1"]

1. e4 e5 2. Nf3 Nc6 3. Bb5 Nf6 4. 0-0 Be7 5. d3 d6 6. Re1 Bg4 7. h3 Bd7 8. c3 0-0 9. b4 a5 10. bxa5 Nxa5 11. Bxd7 Nxd7 12. Nbd2 f5 0-1

[Event "FICGS class E 000024 email"]
[Site "FICGS email"]
[Date "2006.12.06"]
[Round "1"]
[White "Miranda, Marcus"]
[Black "Forlot, Dominique"]
[Result "1-0"]
[WhiteElo "1400"]
[BlackElo "1459"]
[PlyCount "35"]
[EventDate "2006.??.??"]
[EventType "tourn (corr)"]
[EventRounds "5"]
[SourceTitle "Corr 2022"]
[Source "ChessBase"]
[SourceDate "2021.10.24"]
[SourceVersion "1"]
[SourceVersionDate "2021.10.24"]
[SourceQuality "1"]

1. e4 e5 2. Nf3 Nc6 3. Bb5 Nf6 4. 0-0 Bc5 5. Nxe5 Nxe5 6. d4 Bd6 7. dxe5 Bxe5 8. f4 Nxe4 9. fxe5 c6 10. Qf3 f5 11. Bd3 0-0 12. Bxe4 fxe4 13. Qb3+ Kh8 14. Rxf8+ Qxf8 15. Be3 d5 16. exd6 Qxd6 17. Nd2 b6 18. Nxe4 1-0

[Event "Morbihan-ch 0304"]
[Site "Morbihan"]
[Date "2003.12.13"]
[Round "3"]
[White "Mermet, Michel"]
[Black "Forlot, Dominique"]
[Result "0-1"]
[WhiteElo "1499"]
[BlackElo "1499"]
[PlyCount "80"]
[EventDate "2003.10.??"]
[EventType "swiss"]
[EventRounds "7"]
[EventCountry "FRA"]
[SourceTitle "EXT 2005"]
[Source "ChessBase"]
[SourceDate "2004.11.15"]
[SourceVersion "1"]
[SourceVersionDate "2004.11.15"]
[SourceQuality "1"]

1. d4 Nf6 2. c4 e6 3. Nc3 Bb4 4. a3 Bxc3+ 5. bxc3 d6 6. e3 0-0 7. Nf3 c5 8. Bd3 Nc6 9. 0-0 e5 10. Qd2 Re8 11. Ng5 g6 12. Ne4 Nxe4 13. Bxe4 Ne7 14. Bb2 Bf5 15. Bxf5 Nxf5 16. Bc1 e4 17. Rd1 Qc7 18. Qb2 b6 19. d5 Re5 20. a4 a5 21. Rb1 Rb8 22. Qe2 Qd7 23. Rf1 Qxa4 24. Bb2 Qe8 25. Qg4 h5 26. Qf4 Qa4 27. g4 hxg4 28. Qxg4 Qxc4 29. f4 Nxe3 30. Qg3 Nxf1 31. Rxf1 Rf5 32. Qh4 Kg7 33. Qe7 Rh8 34. Qxd6 Qe2 35. Rf2 Qd1+ 36. Kg2 Rxd5 37. c4+ Kg8 38. Qb8+ Rd8 39. Qxb6 Qg4+ 40. Kf1 Rd1# 0-1

[Event "Morbihan-ch 0304"]
[Site "Morbihan"]
[Date "2003.11.08"]
[Round "2"]
[White "Forlot, Dominique"]
[Black "Audren, Jean"]
[Result "0-1"]
[WhiteElo "1499"]
[BlackElo "1470"]
[PlyCount "88"]
[EventDate "2003.10.??"]
[EventType "swiss"]
[EventRounds "7"]
[EventCountry "FRA"]
[SourceTitle "EXT 2005"]
[Source "ChessBase"]
[SourceDate "2004.11.15"]
[SourceVersion "1"]
[SourceVersionDate "2004.11.15"]
[SourceQuality "1"]

1. e4 c5 2. Nf3 g6 3. d4 e6 4. Be3 b6 5. c4 Be7 6. d5 exd5 7. exd5 d6 8. Nc3 Bf6 9. Qd2 Ne7 10. Rb1 Nf5 11. Bg5 0-0 12. Bxf6 Qxf6 13. Bd3 Re8+ 14. Ne2 Na6 15. a3 Nc7 16. 0-0 a5 17. a4 Bd7 18. b3 Na6 19. Qc3 Qg7 20. Qxg7+ Nxg7 21. h3 Nb4 22. Nc1 Re7 23. Rb2 Rae8 24. Bb1 Nh5 25. Nd3 Nxd3 26. Bxd3 Nf4 27. Bb1 Ne2+ 28. Kh2 Nc3 29. Bc2 Re2 30. Ng5 h6 31. Nf3 Ne4 32. Re1 Nxf2 33. Rxe2 Rxe2 34. Ng1 Re7 35. Bb1 Nd1 36. Rd2 Nc3 37. Bd3 Kg7 38. g4 f5 39. gxf5 Bxf5 40. Bxf5 gxf5 41. Kg3 Ne4+ 42. Kf4 Nxd2 43. Kxf5 Nxb3 44. Nf3 Nd4+ 0-1